Statistics for Countries with Improving HDI

Click here to take the quiz!

General Stats

  • This quiz has been taken 6,400 times
  • The average score is 13 of 21

Answer Stats

Change Continent Answer % Correct
+31AsiaChina
94%
+14AsiaVietnam
84%
+23AsiaThailand
81%
+14AsiaSouth Korea
81%
+13South AmericaBrazil
77%
+35AsiaIran
75%
+14AsiaMalaysia
74%
+29AsiaSingapore
72%
+13AsiaCambodia
71%
+30AsiaTurkey
65%
+12AsiaSaudi Arabia
64%
+11AfricaMorocco
62%
+13AsiaMyanmar
61%
+15AsiaBangladesh
59%
+21AfricaAlgeria
58%
+11AsiaMongolia
57%
+14AfricaTunisia
52%
+13EuropeCroatia
34%
+20EuropeIreland
32%
+17AfricaRwanda
25%
+18AfricaMauritius
16%

Score Distribution

Percentile by Number Answered

Percent of People with Each Score

Your Score History

You have not taken this quiz